Crear un plan de negocios : (Registro nro. 6451)

Detalles MARC
000 -LEADER
fixed length control field 02011nam a22003377a 4500
003 - CONTROL NUMBER IDENTIFIER
control field OSt
005 - DATE AND TIME OF LATEST TRANSACTION
control field 20200220141956.0
008 - FIXED-LENGTH DATA ELEMENTS--GENERAL INFORMATION
fixed length control field 200207s2009 cl o|||fr|||| 00| 0 spa d
020 ## - INTERNATIONAL STANDARD BOOK NUMBER
International Standard Book Number 9789568827113
040 ## - CATALOGING SOURCE
Original cataloging agency CO-JMCR
Transcribing agency CO-JMCR
041 1# - LANGUAGE CODE
Language code of text/sound track or separate title spa
Language code of original eng
082 04 - DEWEY DECIMAL CLASSIFICATION NUMBER
Classification number 658.401 /
Item number C889c
Edition number 20
100 1# - MAIN ENTRY--PERSONAL NAME
Personal name Cry, Linda A.,
Relator term autora
9 (RLIN) 260
245 10 - TITLE STATEMENT
Title Crear un plan de negocios :
Remainder of title soluciones prácticas para los desafíos del día a día /
Statement of responsibility, etc. Linda A. Cry
250 ## - EDITION STATEMENT
Edition statement 1a. edición
260 ## - PUBLICATION, DISTRIBUTION, ETC.
Place of publication, distribution, etc. Santiago de Chile :
Name of publisher, distributor, etc. Harvard Business Press,
Date of publication, distribution, etc. 2009
300 ## - PHYSICAL DESCRIPTION
Extent x, 123 páginas :
Other physical details fotografías a blanco y negro ;
Dimensions 18 cm.
490 0# - SERIES STATEMENT
Series statement Serie Pocket Mentor
500 ## - GENERAL NOTE
General note Incluye datos biográficos de la autora en tapa posterior.
500 ## - GENERAL NOTE
General note "Defina su objetivo, reúna recursos, desarrolle una estrategia y obtenga apoyo"--Tapa
500 ## - GENERAL NOTE
General note Título original: Creating a business plan
504 ## - BIBLIOGRAPHY, ETC. NOTE
Bibliography, etc. note Bibliografía: página 123
505 0# - FORMATTED CONTENTS NOTE
Formatted contents note Crear un plan de negocios: lo básico -- Cómo empezar -- Anatomía de un plan de negocios -- portada y tabla de contenidos -- Resumen ejecutivo -- Descripción del negocio -- Análisis del entorno del negocio -- Antecedentes del sector -- Análisis competitivo -- Análisis de mercado -- Plan de marketing -- Plan de operaciones -- Perfil de equipo de gestión -- Plan financiero -- Documentos adjuntos e hitos propuestos -- Herramientas para crear un plan de negocios
520 ## - SUMMARY, ETC.
Summary, etc. Cada negocio necesita un plan de negocios: un plan para enfrentar las oportunidades y obstáculos esperados e inesperados que depara el futuro. Para hacer esto, usted deberá mirar seria y detenidamente cada elemento del plan. Aprenda a: definir su mercado objeto, evaluar su riesgo y recompensa y identificar a sus competidores.
546 ## - LANGUAGE NOTE
Language note Traducido del inglés
650 14 - SUBJECT ADDED ENTRY--TOPICAL TERM
Topical term or geographic name entry element Plan de negocios
9 (RLIN) 261
650 14 - SUBJECT ADDED ENTRY--TOPICAL TERM
Topical term or geographic name entry element Planificación estratégica
9 (RLIN) 262
650 14 - SUBJECT ADDED ENTRY--TOPICAL TERM
Topical term or geographic name entry element Planificación empresarial
9 (RLIN) 263
650 14 - SUBJECT ADDED ENTRY--TOPICAL TERM
Topical term or geographic name entry element Mercadeo
General subdivision planes de negocio
9 (RLIN) 264
942 ## - ADDED ENTRY ELEMENTS (KOHA)
Source of classification or shelving scheme Dewey Decimal Classification
Koha item type Books
Existencias
Withdrawn status Lost status Source of classification or shelving scheme Damaged status Not for loan Collection code Home library Current library Shelving location Date acquired Source of acquisition Cost, normal purchase price Total Checkouts Full call number Barcode Date last seen Date last checked out Copy number Price effective from Koha item type
    Dewey Decimal Classification     Non-fiction Biblioteca Pública José María del Castillo y Rada Biblioteca Pública José María del Castillo y Rada Processing Center 12/26/2019 Donación 0.00 1 658.401 / C889c 201809766 05/16/2024 09/29/2023 Ej.1 02/07/2020 Books